Managerial cost accounting (Record no. 67929)
[ view plain ]
| 000 -LEADER | |
|---|---|
| fixed length control field | 00560nam a22001937a 4500 |
| 005 - DATE AND TIME OF LATEST TRANSACTION | |
| control field | 20230126163320.0 |
| 040 ## - CATALOGING SOURCE | |
| Transcribing agency | urs |
| 050 ## - LIBRARY OF CONGRESS CALL NUMBER | |
| Classification number | HF 5657.4 S55 1982 |
| 100 ## - MAIN ENTRY--PERSONAL NAME | |
| 9 (RLIN) | 3530 |
| Personal name | Shillinglaw, Gordon |
| Relator term | author |
| 245 ## - TITLE STATEMENT | |
| Title | Managerial cost accounting |
| Statement of responsibility, etc | Gordon Shillinglaw |
| 250 ## - EDITION STATEMENT | |
| Edition statement | Fifth edition |
| 260 ## - PUBLICATION, DISTRIBUTION, ETC. (IMPRINT) | |
| Place of publication, distribution, etc | Illinois |
| Name of publisher, distributor, etc | Richard D. Irwin, Inc. |
| Date of publication, distribution, etc | 1982 |
| 336 ## - CONTENT TYPE | |
| Source | rdacontent |
| Content type term | text |
| Content type code | txt |
| 337 ## - MEDIA TYPE | |
| Source | rdamedia |
| Media type term | unmediated |
| Media type code | n |
| 338 ## - CARRIER TYPE | |
| Source | rdacarrier |
| Carrier type term | volume |
| Carrier type code | nc |
| 650 #0 - SUBJECT ADDED ENTRY--TOPICAL TERM | |
| 9 (RLIN) | 289 |
| Topical term or geographic name as entry element | Managerial accounting. |
| 650 #0 - SUBJECT ADDED ENTRY--TOPICAL TERM | |
| 9 (RLIN) | 3515 |
| Topical term or geographic name as entry element | Cost accounting |
| 942 ## - ADDED ENTRY ELEMENTS (KOHA) | |
| Source of classification or shelving scheme | Library of Congress Classification |
| Koha item type | Foreign Books |
| Withdrawn status | Lost status | Source of classification or shelving scheme | Damaged status | Not for loan | Home library | Current library | Shelving location | Date acquired | Total Checkouts | Full call number | Barcode | Date last seen | Price effective from | Koha item type |
|---|---|---|---|---|---|---|---|---|---|---|---|---|---|---|
| Library of Congress Classification | Binangonan College Library | Binangonan College Library | Foreign Section | 01/26/2023 | HF 5657.4 S55 1982 | URSBIN-754 | 01/26/2023 | 01/26/2023 | Foreign Books |